La educación de adultos en el desarrollo rural (Record no. 66487)
[ view plain ]
| 000 -CABECERA | |
|---|---|
| campo de control de longitud fija | 00585nam a2200193 a 4500 |
| 005 - FECHA Y HORA DE LA ÚLTIMA TRANSACCIÓN | |
| campo de control | 20210219153029.0 |
| 008 - ELEMENTOS DE LONGITUD FIJA--INFORMACIÓN GENERAL | |
| campo de control de longitud fija | 991125n 000 0 spa u |
| 035 ## - NÚMERO DE CONTROL DEL SISTEMA | |
| Número de control de sistema | UPN01000073598 |
| 100 ## - ASIENTO PRINCIPAL--NOMBRE PERSONAL | |
| Nombre de persona | CARDENAS PEREZ, Luis |
| 222 ## - TÍTULO CLAVE | |
| Título clave | EDUCACION : |
| Información calificativa | REVISTA DEL CONSEJO NACIONAL TECNICO DE LA EDUCACION |
| 245 ## - MENCIÓN DE TÍTULO | |
| Título | La educación de adultos en el desarrollo rural |
| 300 ## - DESCRIPCIÓN FÍSICA | |
| Extensión | 45-54 |
| 362 ## - FECHAS DE PUBLICACIÓN Y/O DESIGNACIÓN SECUENCIAL | |
| Fecha de publicación y/o designación secuencial | 1977 vol. 5, 4a época, no. 25, may.-jun. |
| 653 0# - TERMINO DE INDIZACION - NO CONTROLADO | |
| Término no controlado | COMUNIDAD RURAL |
| 653 0# - TERMINO DE INDIZACION - NO CONTROLADO | |
| Término no controlado | DESARROLLO RURAL |
| 653 0# - TERMINO DE INDIZACION - NO CONTROLADO | |
| Término no controlado | EDUCACION DE ADULTOS |
| 904 ## - ELEMENTOS DE DATOS D LOCAL, LDD (RLIN) | |
| a | AC |
| b | 011409 |
| 905 ## - TIPO DE MATERIAL | |
| Tipo de material | Articulo |
No items available.
